Soorten kerken bouwkundig of naar geloof of naar status - Statistieken

Algemene statistieken
  • Deze quiz is 11 keer genomen
  • De gemiddelde score is 5 van 20
Antwoordstatistieken
Antwoord % Correct
Kerk
82%
Basiliek
55%
Kathedraal
55%
Moskee
55%
Synagoge
55%
Tempel
45%
Kapel
36%
Kappel
36%
Kruiskerk
27%
Schuilkerk
18%
Staafkerk
18%
Domkerk
9%
Koepelkerk
9%
Gurdwara
0%
Hallenkerk
0%
Kapittel
0%
Koninkrijkszaal
0%
Stolpkerk
0%
Waterstaatskerk
0%
Zaalkerk
0%
Geen overeenkomende quizzen gevonden
Scoreverdeling
Procent van Mensen met Elke Score
Percentiel versus Aantal Correcte Antwoorden
Uw Scoregeschiedenis
U heeft deze quiz nog niet genomen